Black magic,witchcraft and occultism: secret cultural practices in India (Record no. 1225135)

MARC details
000 -LEADER
fixed length control field 00699nam a2200217Ia 4500
005 - DATE AND TIME OF LATEST TRANSACTION
control field 20251120143715.0
008 - FIXED-LENGTH DATA ELEMENTS--GENERAL INFORMATION
fixed length control field 241129s9999||||xx |||||||||||||| ||und||
020 ## - INTERNATIONAL STANDARD BOOK NUMBER
International Standard Book Number 9789391928032
037 ## - SOURCE OF ACQUISITION
Terms of availability General Book
040 ## - CATALOGING SOURCE
Original cataloging agency RTL
Language of cataloging eng
Transcribing agency RTL
041 ## - LANGUAGE CODE
Language code of text/sound track or separate title eng
Source of code eng
084 ## - COLON CLASSIFICATION NUMBER
Classification number Y:3(Δ:8).2, R3
Assigning agency RTL
245 #0 - TITLE STATEMENT
Title Black magic,witchcraft and occultism: secret cultural practices in India
260 ## - PUBLICATION, DISTRIBUTION, ETC.
Place of publication, distribution, etc. New Delhi
Name of publisher, distributor, etc. Manohar
Date of publication, distribution, etc. 2024
300 ## - PHYSICAL DESCRIPTION
Extent 589 p.
Other physical details Includes bibliographical references and index.
365 ## - TRADE PRICE
Price type code INR
Price amount Rs.2895.00
650 ## - SUBJECT ADDED ENTRY--TOPICAL TERM
Topical term or geographic name entry element Black Magic- India
9 (RLIN) 725246
700 ## - ADDED ENTRY--PERSONAL NAME
Personal name Nag, Sajal
Relator term Editor
9 (RLIN) 852624
942 ## - ADDED ENTRY ELEMENTS (KOHA)
Koha item type Textbook
Classification part Y:3(Δ:8).2 R3
Source of classification or shelving scheme Colon Classification (CC)
Suppress in OPAC No
Holdings
Withdrawn status Lost status Source of classification or shelving scheme Damaged status Not for loan Home library Current library Date acquired Source of acquisition Inventory number Total Checkouts Full call number Barcode Date last seen Price effective from Koha item type
    Colon Classification (CC)     Ratan Tata Library Ratan Tata Library 2024-11-29 Bright book Service 2296 & 7/2/24   Y:3(Δ:8).2 R3 RT1528071 2024-11-29 2024-11-29 General Books
Copyright @ Delhi University Library System